Indian transport towards the new millennium: performance, analysis and policy (Record no. 403722)

000 -LEADER
fixed length control field 00452cam a22001457a 4500
008 - FIXED-LENGTH DATA ELEMENTS--GENERAL INFORMATION
fixed length control field 180718b2004 xxu||||| |||| 00| 0 eng d
020 ## - INTERNATIONAL STANDARD BOOK NUMBER
International Standard Book Number 8180690784
082 ## - DEWEY DECIMAL CLASSIFICATION NUMBER
Classification number Wx54 R141
100 ## - MAIN ENTRY--PERSONAL NAME
Personal name Ramanathan, R.
245 ## - TITLE STATEMENT
Title Indian transport towards the new millennium: performance, analysis and policy
Statement of responsibility, etc. by R. Ramanathan
260 ## - PUBLICATION, DISTRIBUTION, ETC.
Place of publication, distribution, etc. New Delhi
Name of publisher, distributor, etc. Concept
Date of publication, distribution, etc. 2004
300 ## - PHYSICAL DESCRIPTION
Extent 212p.
650 ## - SUBJECT ADDED ENTRY--TOPICAL TERM
Topical term or geographic name entry element Urban transportation - India
650 ## - SUBJECT ADDED ENTRY--TOPICAL TERM
Topical term or geographic name entry element Transportation - India
Holdings
Withdrawn status Lost status Damaged status Not for loan Permanent Location Current Location Date acquired Full call number Barcode Date last seen Price effective from Koha item type
        Indian Institute of Public Administration Indian Institute of Public Administration 2005-04-27 Wx54 R141 80057 2018-07-21 2018-07-21 Book

Powered by Koha